|
|
|
|
| LEADER |
00000nam a2200000 i 4500 |
| 001 |
in00000000631 |
| 005 |
20251126061350.3 |
| 002 |
513336 |
| 008 |
020626s2001 unr l000 0yrus d |
| 020 |
|
|
|a 966776074Х
|c 4.80 грн.
|
| 035 |
|
|
|a ( UA-KiNSAL)513336
|
| 040 |
|
|
|a UA-KiNSAL
|b ukr
|c UA-KiNSAL
|
| 080 |
|
|
|a 631.158:658.345/.347:631.3(075.8)
|
| 090 |
|
|
|a 631.158:658.345/.347:631.3(075.8)
|
| 100 |
1 |
|
|a Величко, И.В.
|q (Иван Владимирович),
|e автор.
|
| 245 |
1 |
0 |
|a Гигиена и безопасность труда на тракторах и автомобилях в сельском хозяйстве :
|b Учеб. пособие для студентов высш. учеб. заведений /
|c И.В. Величко, В.И. Величко; М-во образования и науки Украины, Науч.-метод. центр высш. образования
|
| 260 |
|
|
|a Львов :
|b Афиша,
|c 2001
|
| 300 |
|
|
|a 197 с.
|
| 504 |
|
|
|a Библиогр.: с. 192
|
| 530 |
|
|
|a Original record
|u https://kubg.libs.net.ua/kubg_recs/0000002492.txt
|
| 650 |
0 |
4 |
|a Сільськогосподарські механізовані роботи
|x Гігієна
|x Підручники, посібники
|
| 650 |
0 |
4 |
|a Сільськогосподарські механізовані роботи
|x Техніка безпеки
|x Підручники, посібники
|
| 700 |
1 |
|
|a Величко, В.И.
|q Виктор Иванович
|e автор
|
| 711 |
2 |
1 |
|a М-во образования и науки Украины
|
| 711 |
2 |
1 |
|a Науч.-метод. центр высш. образования
|
| 942 |
|
|
|2 UDC
|c BK
|
| 952 |
|
|
|a XP
|b книга
|d ХР
|z 20020626
|i 513336
|j 513336
|o 631.158:658.345/.347:631.3(075.8)
|a 1996/25
|g 4.80
|c 1
|
| 952 |
|
|
|a XP
|b книга
|d ХР
|z 20030410
|i 515834
|j 513336
|o 631.158:658.345/.347:631.3(075.8)
|a 1996/25
|g 4.80
|c 2
|
| 920 |
|
|
|a PAZK
|
| 961 |
|
|
|a 691
|
| 991 |
0 |
0 |
|a 513336
|
| 997 |
|
|
|a 0000002492
|
| 998 |
|
|
|a 2492
|
| 999 |
f |
f |
|i ed85b63e-5ec9-4591-9d2c-a6590c77fbbc
|s 4336810f-d301-4c66-8530-1eb75cb91a23
|t 0
|
| 952 |
f |
f |
|p Може видаватися
|a Національна наукова сільськогосподарська бібліотека
|b Центральна будівля
|c ННСБ всі підрозділи
|d Відділ зберігання
|t 0
|e 513336
|i книга
|n 2
|
| 952 |
f |
f |
|p Може видаватися
|a Національна наукова сільськогосподарська бібліотека
|b Центральна будівля
|c ННСБ всі підрозділи
|d Відділ зберігання
|t 0
|e 513336
|i книга
|n 1
|